| 000 | 01783nam a22003497a 4500 | ||
|---|---|---|---|
| 001 | 0009704 | ||
| 003 | KOHA_MİRAKIL | ||
| 005 | 20260207001718.0 | ||
| 007 | ta | ||
| 008 | 091023b2007 tu |||gr||||#0|||0|tur | | ||
| 020 | _a9789754370249 | ||
| 040 |
_aTR-BiSEU _btur _cTR-BiSEU _erda |
||
| 041 | 0 | _atur | |
| 044 | _ctu | ||
| 050 |
_aDR432 _b.G86 2007 |
||
| 100 | 1 | _aGüngör, Erol. | |
| 245 | 1 |
_aKültür değişmesi ve milliyetçilik/ _cErol Güngör ; Erol Güngör. |
|
| 264 | 1 |
_aİstanbul : _bÖtüken _c2007 |
|
| 300 | _a192 sayfa | ||
| 336 |
_ametin _btxt _2rdacontent |
||
| 337 |
_aaracısız _bn _2rdamedia |
||
| 338 |
_acilt _bnc _2rdacarrier |
||
| 490 | 1 |
_aYayın Nu ; _v182. |
|
| 490 | 1 |
_aKültür Serisi ; _v43. |
|
| 505 |
_aSosyal Psikolojinin kadim problemini ülkemize tatbik eden, yaşattığı dönemi soğukkanlılıkla gözlemleyen, çareler gösteren bir eserdir. "Bugün herkes biliyor ve görüyor ki, Türkiye çok hızlı ve geniş çaplı bir değişme içindedir. Hiç kimse bu değişmenin kendi seyrine bırakılmasına taraftar değildir; herkes kendi fikrine göre bu değişmeyi şu veya bu şekilde kontrol altına almak istemektedir." "Herkeste aynı soruya rastlıyoruz: Neyi alalım, neyi atalım? Buna karar verebilmek için önce bu konularda bizim irademizin ne kadar geçerli olduğunu bilmemiz gerekiyor. Bizim bu kitaptaki tezimiz, alınacak ve atılacak şeylerin bir envanterini çıkarmaktan ziyade, millî bünyeyi kuvvetlendirici tedbirler üzerinde çalışmanın doğru olacağıdır." _x |
||
| 650 | 0 |
_aTurkey--Civilization--Western influences. _96912 |
|
| 650 | 0 |
_aNationalism--Turkey. _99682 |
|
| 830 | 1 |
_aYayın Nu ; _v182. _96553 |
|
| 830 | 1 |
_aKültür Serisi ; _v43. _96554 |
|
| 907 | _aTarih | ||
| 942 |
_2lcc _cBK |
||
| 999 |
_c9676 _d9676 |
||